LCK-informacija / Latviešu Centrālā Komiteja R.-Vācijā
| Titel: | LCK-informacija / Latviešu Centrālā Komiteja R.-Vācijā |
|---|---|
| Körperschaft: | |
| Veröffentlicht: | Münster : Lett. Volksgemeinschaft in d. BRD, Lett. Zentralkomitee, 1974- |
| Erscheinungsverlauf: | Nachgewiesen Nr. 1.1974 - |
| Format: | Zeitschrift, Zeitung |
| Sprache: | Lettisch |
X
alg: 6856165 001A $06050:15-03-99 001B $06050:16-03-19 $t06:02:39.000 001D $06050:10-10-15 001U $0utf8 001X $00 002@ $0Abvc 002C $aText $btxt $2rdacontent 002D $aohne Hilfsmittel zu benutzen $bn $2rdamedia 002E $aBand $bnc $2rdacarrier 003@ $0068561652 003O $0648771646 $aOCoLC 005A $fgeh. (nur für Mitglieder) 006D $0551323442 006U $097,B03,0105 006Z $01118191-6 007A $01118191-6 $aZDB 010@ $alav 011@ $a1974 $n1974- 013D $RPresse $RFortlaufendes Sammelwerk $#Periodicals $#Yearbooks $#Périodiques $#Annuaires $#Publicaciones periódicas $#journals $#Periodical $#Periodicals as Topic $#Zeitschrift $#Zeitschrift $#Periodikum $#Zeitschriften $74067488-5 $8Zeitschrift [Tsz] $9085189774 018@ $0u 021A $aLCK-informacija $eLatviešu Centrālā Komiteja R.-Vācijā 027A $aInformacija 029A $BVerfasser $RLettische Volksgemeinschaft in Deutschland $#Lettisches Zentralkomitee $#Latviešu Centrǎlā Komiteja Rietum-Vācijā $#LCK $#Latviešu Centrǎlā Komiteja R.-Vācijā $4aut $71013058-5 $8Lettische Volksgemeinschaft in der Bundesrepublik Deutschland [Tb1] $9041938313 031@ $aNachgewiesen Nr. 1.1974 - 031N $d1 $6 $j1974 033A $pMünster $nLett. Volksgemeinschaft in d. BRD, Lett. Zentralkomitee 037B $aÜbers.: Informationen des Lettischen Zentralkomitees in der Bundesrepublik Deutschland 044K $qZDB $RLettin $#Latvians $#Lettons $#Lette $74111273-8 $8Letten [Ts1] $9085328669 044K $qZDB $RAuswanderung $REinwanderung $RVerbannung $#Exiles $#Exilés $#Exil $#Emigration $#Emigration Exil $74015959-0 $8Exil [Ts1] $9085037370 044K $qZDB $RKultur $RIdentität $REthnizität $REthnische Identität $#Group Identity $#Identité collective $#Identidad cultural $#Kulturelle Identität $#kulturelle Identität $#Identität Kultur $#Kulturelles Bewusstsein $74033542-2 $8Kulturelle Identität [Ts1] $9085089605 045E $a78 $a16 045U $e050 lok: 6856165 24 exp: 6856165 24 1 #EPN 201B/01 $006-11-19 $t10:32:16.000 201C/01 $031-10-18 201U/01 $0utf8 203@/01 $01032283947 208@/01 $a31-10-18 $bp 209A/01 $aZsMag 0617 $f050 $hZSMAG 0617 $x00 209E/01 $a1976,3(=3,Okt.);1988,April $x02 220C/01 $aO/SKL//heu. – [e/G:sAL//31.10.18+06.11.19//heu] 231@/01 $0 $01988 $j1976 247C/01 $8358050-7Marburg, Bibliothek des Herder-Instituts Marburg $9102600961
| LEADER | 00000cas a2200000 c 4500 | ||
|---|---|---|---|
| 001 | 068561652 | ||
| 003 | DE-603 | ||
| 005 | 20190316060239.0 | ||
| 007 | tu | ||
| 008 | 990315c19749999xx u| p| 0 |1lav c | ||
| 015 | |a 97,B03,0105 |2 dnb | ||
| 016 | 7 | |2 DE-600 |a 1118191-6 | |
| 035 | |a (DE-599)ZDB1118191-6 | ||
| 035 | |a (OCoLC)648771646 | ||
| 040 | |a DE-603 |b ger |c DE-603 |d DE-603 | ||
| 041 | |a lav | ||
| 084 | |a 78 |a 16 |q DE-101 |2 sdnb | ||
| 084 | |a 050 |q DE-600 |2 sdnb | ||
| 110 | 2 | |a Lettische Volksgemeinschaft in der Bundesrepublik Deutschland |e Verfasser |4 aut |0 (DE-603)041938313 |0 (DE-588)1013058-5 |2 gnd | |
| 245 | 0 | 0 | |a LCK-informacija / Latviešu Centrālā Komiteja R.-Vācijā |
| 246 | 1 | 3 | |a Informacija |
| 264 | 3 | 1 | |a Münster |b Lett. Volksgemeinschaft in d. BRD, Lett. Zentralkomitee |c 1974- |
| 336 | |a Text |b txt |2 rdacontent | ||
| 337 | |a ohne Hilfsmittel zu benutzen |b n |2 rdamedia | ||
| 338 | |a Band |b nc |2 rdacarrier | ||
| 362 | 0 | |a Nachgewiesen Nr. 1.1974 - | |
| 363 | 0 | 1 | |8 1.1\x |a 1 |i 1974 |
| 365 | |b geh. (nur für Mitglieder) | ||
| 500 | |a Übers.: Informationen des Lettischen Zentralkomitees in der Bundesrepublik Deutschland | ||
| 650 | 7 | |a Letten |0 (DE-588)4111273-8 |0 (DE-603)085328669 |2 gnd | |
| 650 | 7 | |a Exil |0 (DE-588)4015959-0 |0 (DE-603)085037370 |2 gnd | |
| 650 | 7 | |a Kulturelle Identität |0 (DE-588)4033542-2 |0 (DE-603)085089605 |2 gnd | |
| 655 | 7 | |a Zeitschrift |2 gnd-content |0 (DE-588)4067488-5 |0 (DE-603)085189774 | |
| 924 | 0 | |9 Mb 50 |a (DE-603)1032283947 |b DE-Mb50 |c HES |d c |g ZsMag 0617 |q 1976 |w ; |q 1988 |z 1976,3(=3,Okt.);1988,April | |


